Largest Oil-Producing Countries by Continent - Statistics

General Stats
  • This quiz has been taken 41 times
  • The average score is 22 of 28
Answer Stats
% Correct
North America 13,769 United States
100%
North America 5,148 Canada
97%
North America 1,737 Mexico
97%
Oceania 242 Australia
94%
South America 3,941 Brazil
94%
Europe 620 United Kingdom
94%
Europe 1,935 Norway
91%
South America 854 Argentina
88%
Oceania 8 New Zealand
88%
Africa 1,585 Nigeria
88%
Europe 10,035 Russia
88%
Africa 1,170 Algeria
84%
Asia 4,391 Iraq
84%
Asia 9,997 Saudi Arabia
84%
South America 971 Venezuela
84%
South America 743 Colombia
81%
Asia 4,221 Iran
81%
Asia 4,246 China
78%
Africa 1,382 Libya
78%
Asia 4,010 United Arab Emirates
78%
Africa 519 Egypt
75%
South America 895 Guyana
69%
Oceania 31 Papua New Guinea
69%
Africa 1,025 Angola
59%
North America 24 Cuba
59%
Europe 81 Italy
56%
Europe 81 Denmark
53%
North America 51 Trinidad & Tobago
47%
No matching quizzes found
Score Distribution
Percent of People with Each Score
Percentile by Number Answered
Your Score History
You have not taken this quiz